LEARNING DATA MINING WITH PYTHON / (Record no. 589681)

000 -LEADER
fixed length control field 00353nam a22001457a 4500
020 ## - INTERNATIONAL STANDARD BOOK NUMBER
Qualifying information PB.
040 ## - CATALOGING SOURCE
Transcribing agency FIZZA ISHAQ
082 ## - DEWEY DECIMAL CLASSIFICATION NUMBER
Classification number 006.312
Author Mark ROB
100 ## - MAIN ENTRY--PERSONAL NAME
Personal name LAYTON,ROBERT.
9 (RLIN) 91551
245 ## - TITLE STATEMENT
Title LEARNING DATA MINING WITH PYTHON /
Statement of responsibility, etc. ROBERT LAYTON.
250 ## - EDITION STATEMENT
Edition statement 2nd ED.
260 ## - PUBLICATION, DISTRIBUTION, ETC.
Place of publication, distribution, etc. PACKT PUBLISHER ;
Date of publication, distribution, etc. 2017.
300 ## - PHYSICAL DESCRIPTION
Extent 340 P. ;
942 ## - ADDED ENTRY ELEMENTS (KOHA)
Source of classification or shelving scheme
Koha item type Book
Holdings
Withdrawn status Lost status Source of classification or shelving scheme Damaged status Not for loan Permanent Location Current Location Date acquired Total Checkouts Full call number Barcode Date last seen Price effective from Koha item type
          NUST Baluchistan Campus (NBC) NUST Baluchistan Campus (NBC) 05/13/2022   006.312 ROB Q-4091 05/13/2022 05/13/2022 Book
© 2023 Central Library, National University of Sciences and Technology. All Rights Reserved.